LEADER 03138oam 2200961zu 450 001 996339126903316 005 20210807002716.0 010 $a9780199597956 035 $a(CKB)3360000000000669 035 $a(SSID)ssj0000621162 035 $a(PQKBManifestationID)12310031 035 $a(PQKBTitleCode)TC0000621162 035 $a(PQKBWorkID)10616899 035 $a(PQKB)11371687 035 $a(StDuBDS)EDZ0000091421 035 $a(EXLCZ)993360000000000669 100 $a20160829d2009 uy 101 0 $aeng 135 $aur||||||||||| 181 $ctxt 182 $cc 183 $acr 200 00$aOxford handbook of nursing older people 210 $aOxford $cOxford University Press$d2009 215 $a1 online resource (xxxiii, 643 p.) $cill 225 0 $aOxford handbooks in nursing Oxford handbook of nursing older people 300 $aBibliographic Level Mode of Issuance: Monograph 311 $a0-19-921328-3 330 8 $aConcentrating on the knowledge and skills needed by nurses working with older people, this book is an invaluable source of information for both student and practising nurses. Acting as both a reference guide and support in everyday clinical decision-making, it contains a wealth of guidance and information. 410 0$aOxford handbooks in nursing. 606 $aGeriatric nursing 606 $aSpecialties, Nursing 606 $aAdult 606 $aHealth Services 606 $aPatient Care 606 $aAge Groups 606 $aHealth Care Facilities, Manpower, and Services 606 $aTherapeutics 606 $aNursing 606 $aHealth Care 606 $aAnalytical, Diagnostic and Therapeutic Techniques and Equipment 606 $aPersons 606 $aHealth Occupations 606 $aNamed Groups 606 $aDisciplines and Occupations 606 $aNursing Care 606 $aAged 606 $aGeriatric Nursing 606 $aHealth Services for the Aged 606 $aMedicine$2HILCC 606 $aHealth & Biological Sciences$2HILCC 606 $aGeriatrics$2HILCC 615 0$aGeriatric nursing 615 2$aSpecialties, Nursing 615 2$aAdult 615 2$aHealth Services 615 2$aPatient Care 615 2$aAge Groups 615 2$aHealth Care Facilities, Manpower, and Services 615 2$aTherapeutics 615 2$aNursing 615 2$aHealth Care 615 2$aAnalytical, Diagnostic and Therapeutic Techniques and Equipment 615 2$aPersons 615 2$aHealth Occupations 615 2$aNamed Groups 615 2$aDisciplines and Occupations 615 2$aNursing Care 615 2$aAged 615 2$aGeriatric Nursing 615 2$aHealth Services for the Aged 615 7$aMedicine 615 7$aHealth & Biological Sciences 615 7$aGeriatrics 676 $a618.970231 702 $aTabernacle$b Beverley 702 $aJinks$b Annette M 702 $aHoney$b Marie 801 0$bPQKB 906 $aBOOK 912 $a996339126903316 996 $aOxford handbook of nursing older people$92410518 997 $aUNISA LEADER 00956nam0-2200337---450 001 990008326180403321 005 20230321114800.0 010 $a88-87017-35-2 035 $a000832618 035 $aFED01000832618 035 $a(Aleph)000832618FED01 100 $a20060511d2006----km-y0itay50------ba 101 2 $aita$aeng 102 $aIT 105 $aa-------001yy 200 1 $aFirenze$earchitettura cittą paesaggio$fa cura di Marco Dezzi Bardeschi 210 $aRoma$cMancosu$d2006 215 $a180 p.$cill.$d17 cm 225 1 $aGrandi tascabili di architettura 300 $aIn copertina titolo in inglese 610 0 $aFirenze$aGuide 702 1$aDezzi Bardeschi,$bMarco$f<1934- > 801 0$aIT$bUNINA$gRICA$2UNIMARC 901 $aBK 912 $a990008326180403321 952 $aFONDO ROSSI 2727$bROSSI 2812$fFARBC 952 $a19.412$b6384$fDARST 959 $aFARBC 959 $aDARST 996 $aFirenze$9266554 997 $aUNINA